000
00264nam a22001097a 4500
008
160613b xxu||||| |||| 00| 0 eng d
020
_a
0397542240
041
_a
eng
080
_a
618.2
245
_a
A guide to physical examination:
_c
Barbara Bates;
942
_2
udc
_c
BK
999
_c
2483
_d
2483